Mataram mister Shang (Record no. 45806)
[ view plain ]
| 000 -Etiqueta do registo | |
|---|---|
| Valores | 00620cam a2200217 4500 |
| 100 ## - Dados gerais de processamento | |
| Dados gerais | 19990108d1945 m y0pory50030103ba |
| 101 1# - Língua de publicação | |
| Língua | por |
| 102 ## - País de publicação | |
| País | PT |
| 200 1# - Titulo e menção de responsabilidade | |
| Título próprio | Mataram mister Shang |
| Primeira menção de responsabilidade | John S. Falk |
| Outras menções de responsabilidade | versão livre de Mário Moita |
| 210 #9 - Publicação | |
| Local de publicação | Lisboa |
| Nome do editor | Romano Torres, |
| Data de publicação | 1945 |
| 215 ## - Descrição física | |
| Paginação / Volumes | 183, [9] p. |
| Dimensões | 20 cm |
| 225 2# - Colecção | |
| Título próprio da colecção | Grandes mistérios, grandes aventuras |
| Indicação de volume | 13 |
| 304 ## - Nota relativa ao título | |
| Texto de nota | Tít. orig.: The green Jade |
| 317 ## - Nota de proveniência | |
| Texto da nota | Arquivo da Editora Romano Torres |
| 675 ## - CDU | |
| Notação | 821.111(73)-31 |
| 700 #1 - Autor principal | |
| Apelido | Falk, |
| Nome | John S. |
| 702 #1 - Autor secundário | |
| Apelido | Moita, |
| Nome | Mário |
| Função | 730 |
| 801 #0 - Fonte de origem | |
| País | PT |
| Agência | BN |
| Regras de catalogação | RPC |
| 990 ## - Elementos KOHA | |
| Tipo de documento | Livro |
| Aquisição | Empréstimo | Código de barras | Cota | Permissão de empréstimo | Tipo de documento |
|---|---|---|---|---|---|
| Biblioteca Municipal de Redondo | Biblioteca Municipal de Redondo | 057039 | 821.111(73)-3 FAL | Livro |